The United States pharmacopeia : (Record no. 18449)
[ view plain ]
| 000 -LEADER | |
|---|---|
| fixed length control field | 01730nam a22002777a 4500 |
| 005 - DATE AND TIME OF LATEST TRANSACTION | |
| control field | 20141222103829.0 |
| 008 - FIXED-LENGTH DATA ELEMENTS--GENERAL INFORMATION | |
| fixed length control field | 141013t2013 xxua frb 101 0 eng d |
| 020 ## - INTERNATIONAL STANDARD BOOK NUMBER | |
| International Standard Book Number | 01957996 |
| 020 ## - INTERNATIONAL STANDARD BOOK NUMBER | |
| International Standard Book Number | 9781936424221 |
| 040 ## - CATALOGING SOURCE | |
| Original cataloging agency | EG-ScBUE |
| 043 ## - GEOGRAPHIC AREA CODE | |
| Geographic area code | n-us--- |
| 082 00 - DEWEY DECIMAL CLASSIFICATION NUMBER | |
| Edition number | 22 |
| Classification number | 615.110973 |
| Item number | UNI |
| 110 2# - MAIN ENTRY--CORPORATE NAME | |
| 9 (RLIN) | 36201 |
| Corporate name or jurisdiction name as entry element | United States Pharmacopœial Convention |
| 245 14 - TITLE STATEMENT | |
| Title | The United States pharmacopeia : |
| Remainder of title | USP 37 : The National Formulary : NF 32 |
| Statement of responsibility, etc | by authority of the United States Pharmacopoeial Convention prepared by the council of expert and its expert committees ; the United States Pharmacopœial Convention. |
| 260 ## - PUBLICATION, DISTRIBUTION, ETC. (IMPRINT) | |
| Place of publication, distribution, etc | Rockville, United States : |
| Name of publisher, distributor, etc | United States Pharmacopeial Convention, |
| Date of publication, distribution, etc | c.2013 |
| Place of manufacture | ([Baitimore, United States] : |
| Manufacturer | United Books, Inc.) |
| 300 ## - PHYSICAL DESCRIPTION | |
| Extent | 4 vol. : |
| Other physical details | ill. (col.) ; |
| Dimensions | 28 cm. |
| 500 ## - GENERAL NOTE | |
| General note | Includes index. |
| 500 ## - GENERAL NOTE | |
| General note | Includes global education and training catalog 2013-2014. |
| 500 ## - GENERAL NOTE | |
| General note | 2014 USP 37-NF 32 second supplement official December 1. 2014-2014 USP 37-NF 32 second supplement official August 1. 2014 |
| 504 ## - BIBLIOGRAPHY, ETC. NOTE | |
| Bibliography, etc | Includes bibliographical reference. |
| 505 0# - FORMATTED CONTENTS NOTE | |
| Formatted contents note | Contents : v. 1 Table of contents, front matter, general notices, general chapters TOC, general chapters, reagents, reference tables, combined index-v. 2 Table of contents, general chapters TOC. general notices, USP monographs (A-I), combined index-v. 3 Table of contents, general chapters TOC. general notices, USP monographs (J-Z), combined index- v. 4 Table of contents, general chapters TOC. general notices, dietary, supplements, NF monographs, combined index. |
| 650 #0 - SUBJECT ADDED ENTRY--TOPICAL TERM | |
| 9 (RLIN) | 36202 |
| Topical term or geographic name as entry element | Pharmacopoeias |
| Geographic subdivision | United States |
| 653 ## - INDEX TERM--UNCONTROLLED | |
| Arrived date list | October2014 |
| Resource For college | Pharmacy |
| 655 ## - INDEX TERM--GENRE/FORM | |
| Form subdivision | |
| -- | 34232 |
| 942 ## - ADDED ENTRY ELEMENTS (KOHA) | |
| Source of classification or shelving scheme | Dewey Decimal Classification |
| Call number prefix | 615.110973 UNI |
| Withdrawn status | Item status | Source of classification or shelving scheme | Damaged status | Not for loan | Vendor | Home library | Current library | Shelving location | Date acquired | Source of acquisition | Cost, normal purchase price | Serial Enumeration / chronology | Total Checkouts | Full call number | Barcode | Date last seen | Cost, replacement price | Koha item type | Public note |
|---|---|---|---|---|---|---|---|---|---|---|---|---|---|---|---|---|---|---|---|
| Dewey Decimal Classification | Baccah | Central Library | Central Library | First floor | 19/10/2014 | Purchase | 8500.00 | 20677 | 615.110973 UNI | 000036723 | 15/07/2025 | 10625.00 | Reference (NB) | Vol. 1. | |||||
| Dewey Decimal Classification | Baccah | Central Library | Central Library | First floor | 19/10/2014 | Purchase | 8500.00 | 20677 | 615.110973 UNI | 000036724 | 15/07/2025 | 10625.00 | Reference (NB) | Vol. 2. | |||||
| Dewey Decimal Classification | Baccah | Central Library | Central Library | First floor | 19/10/2014 | Purchase | 8500.00 | 20677 | 615.110973 UNI | 000036725 | 15/07/2025 | 10625.00 | Reference (NB) | Vol. 3. | |||||
| Dewey Decimal Classification | Baccah | Central Library | Central Library | First floor | 19/10/2014 | Purchase | 8500.00 | 20677 | 615.110973 UNI | 000036726 | 15/07/2025 | 10625.00 | Reference (NB) | Vol. 4. |